De banda pra lua (Record no. 140137)

MARC details
000 -LÍDER
campo de controle de tamanho fixo 00393 a2200169 4500
001 - NÚMERO DE CONTROLE
campo de controle 140137
040 ## - FONTE DA CATALOGAÇÃO
Instituição que transcreveu o registro Leonardo Da Vinci
041 ## - CÓDIGO DE IDIOMA
Código do idioma do texto/trilha sonora ou título diferente Português
082 ## - CDD - CLASSIFICAÇÃO DECIMAL DE DEWEY
Número de Classificação 927.8 O46b
Número do exemplar O46b
100 ## - ENTRADA PRINCIPAL--NOME PESSOAL
Nome pessoal OLIVEIRA, Aloysio de
245 ## - TÍTULO
Título De banda pra lua
260 ## - PUBLICAÇÃO, DISTRIBUIÇÃO, ETC.
Nome do editor, distribuidor, etc. Record
Data da publicação, distribuição, etc. 1982
Local de publicação, distribuição, etc. Rio de Janeiro
300 ## - DESCRIÇÃO FÍSICA
Extensão 175
362 ## - DATAS DE PUBLICAÇÃO E/OU DESIGNAÇÃO SEQUENCIAL
Datas de publicação e/ou designação sequencial 19820000
697 ## - ENTRADA DE ASSUNTO LOCAL--ENTIDADE COLETIVA (RLIN)
Nome corporativo ou nome da jurisdição Biografia
-- Artistas
-- Brasil
942 ## - ELEMENTOS DE ENTRADA ADICIONADOS (KOHA)
Tipo de material Koha Livros
Holdings
Situação do descarte Situação das perdas Situação física Não pode ser emprestado Biblioteca de origem Biblioteca atual Data de aquisição Total de empréstimos Número de chamada completo Código de barras Data de último acesso Data do preço efetivo Tipo de material Koha
        Leonardo Da Vinci - Osasco Leonardo Da Vinci - Osasco 27/03/2024   927.8 O46b O005559 27/03/2024 27/03/2024 Livros